000
00293nam a22001337a 4500
008
170721b xxu||||| |||| 00| 0 eng d
020
_a
0201103931
041
_a
eng
080
_a
004
100
_a
28
101
_a
SHKI
245
_a
OBJECT ORIENTED PROGRAMMING
_c
COX, B.J
942
_2
udc
_c
BK
999
_c
21750
_d
21750